| 000 | 00809nam a22002657a 4500 | ||
|---|---|---|---|
| 001 | 8910 | ||
| 003 | FISKH | ||
| 005 | 20251031102528.0 | ||
| 008 | 251031b cb ||||| |||| 00| 0 eng d | ||
| 020 | _a9789385252037 | ||
| 040 |
_aFISKH _beng _cFISKH _dFISKH |
||
| 050 | _aPZ8.S67426 F | ||
| 082 | _a566 | ||
| 100 | _aAnonymous | ||
| 245 | _aFire engine / | ||
| 260 |
_aNew Delhi : _bOm Book, _c2018. |
||
| 300 |
_a10 unnumbered pages : _bcolor illustrations ; _c17 cm |
||
| 505 | _aE | ||
| 520 | _aFire engine is ready to fight fires and make rescues! Charming ullustrations and a thyming story are sure to delight preschoolers. | ||
| 521 | 8 |
_a160
_bLexile estimate |
|
| 521 | 8 |
_aE
_bRaz-Plus |
|
| 650 |
_aFire Safety _vBoard book _xTransportation |
||
| 942 |
_2ddc _cBK _n0 |
||
| 999 |
_c8910 _d8910 |
||